Normal view
MARC view
- Assoun, Paul-Laurent,
Entry Nombre Personal
001 - NUMERO DE CONTROL
- campo de control: 31693
003 - IDENTIFICADOR DE NUMERO DE CONTROL
- campo de control: MX-MxUPN
005 - FECHA Y HORA DE LA ÜLTIMA TRANSACCIÓN
- campo de control: 20220215134856.0
008 - DATOS DE LONGITUD FIJA
- campo de control de longitud fija: 220215n| acannaabn a |na |d
035 ## - NUMERO DE CONTROL
- Número de control: UPN11000003799
040 ## - FUENTE DE CATALOGACIÓN
- Agencia original de catalogación: MX-MxUPN
- Lenguaje de catalogación: spa
- Agencia de transcripción: MX-MxUPN
100 1# - ENCABEZAMIENTO - NOMBRE PERSONAL
- Nombre personal: Assoun, Paul-Laurent,
- Fechas asociadas con el nombre: 1948-
670 ## - FUENTE EN LA QUE SE LOCALIZARON DATOS
- Cita de la fuente: Freud : la filosofía y los filósofos, 1982:
- Información localizada: portada (Paul-Laurent Assoun)
902 ## - CATALOGADOR
- Catalogador: CAA/130112
